| 000 | 00794cam a22002533a 4500 | ||
|---|---|---|---|
| 001 | 3042 | ||
| 003 | PGUSA | ||
| 005 | 20140828083025.0 | ||
| 008 | 020101s2002||||xxu|||||s|||||000 | eng d | ||
| 040 |
_aPGUSA _beng |
||
| 042 | _adc | ||
| 050 | 4 | _aF1401 | |
| 100 | 1 |
_aShepherd, William R. _q(William Robert), _d1871-1934 |
|
| 245 | 1 | 4 |
_aThe Hispanic Nations of the New World : _bA Chronicle of Our Southern Neighbors _h[electronic resource] / _cWilliam R. Shepherd |
| 260 |
_bProject Gutenberg, _c2002 |
||
| 500 | _aChronicles of America series; v. 50 | ||
| 506 | _aPublic domain in the USA. | ||
| 516 | _aElectronic text | ||
| 653 | _aLatin America -- History | ||
| 653 | _aAmerica | ||
| 830 | 0 |
_aProject Gutenberg _v3042 |
|
| 856 | 4 | 0 | _uhttp://www.gutenberg.org/ebooks/3042 |
| 942 | _cEB | ||
| 999 |
_c232371 _d232371 |
||